Zelo catholico y español, por la religión y por la patria ... (Record no. 156501)

MARC details
000 -LEADER
campo de control de longitud fija 01264nam a22002535i 4500
001 - NÚMERO DE CONTROL
campo de control 156501
003 - IDENTIFICADOR DE NÚMERO DE CONTROL
campo de control ES-MaACL
005 - FECHA Y HORA DE LA ÚLTIMA TRANSACCIÓN
campo de control 20250930063134.0
008 - DATOS DE LONGITUD FIJA--INFORMACIÓN GENERAL
campo de control de longitud fija 980721s1708 sp |||| | spa d
040 ## - FUENTE DE CATALOGACIÓN
Centro catalogador/agencia de origen CYL
Lengua de catalogación spa
Centro/agencia transcriptor CYL
100 1# - ENTRADA PRINCIPAL--NOMBRE DE PERSONA
Nombre de persona Julián, Jerónimo,
Fechas asociadas al nombre 1660-1736
9 (RLIN) 128395
245 10 - MENCIÓN DEL TÍTULO
Título Zelo catholico y español, por la religión y por la patria ...
Resto del título : sobre el fundamento incontrastable de la Justicia y Derecho del Rey N.S. Phelipe V ... propone las indispensables obligaciones de todos los vasallos para con su Magestad, en diez proposiciones ciertas, fundadas en la mas solida theologìa /
Mención de responsabilidad, etc. por el D. D. Juan Melo y Giron.
260 ## - PUBLICACIÓN, DISTRIBUCIÓN, ETC.
Lugar de publicación, distribución, etc. En Valencia :
Nombre del editor, distribuidor, etc. por Antonio Bordazar,
Fecha de publicación, distribución, etc. 1708.
300 ## - DESCRIPCIÓN FÍSICA
Extensión [4], 192 p. ;
Dimensiones Fol.
530 ## - NOTA DISPONIBLE DE FORMULARIO FÍSICO ADICIONAL
Nota de formato físico adicional disponible Disponible en formato digital.
594 ## - Nota al título y mención de responsabilidad
Nota al título y mención de responsabilidad Según Palau Juan Melo y Giron es seudónimo de Jerónimo Julián.
597 ## - NOTA DE DESCRIPCIÓN FÍSICA
NOTA DE DESCRIPCIÓN FÍSICA Sign.:Sign.: [ ]², A-Z², Aa-Zz², Aaa-Bbb².
597 ## - NOTA DE DESCRIPCIÓN FÍSICA
NOTA DE DESCRIPCIÓN FÍSICA Port. con orla tip.
597 ## - NOTA DE DESCRIPCIÓN FÍSICA
NOTA DE DESCRIPCIÓN FÍSICA Texto enmarcado con apostillas marginales.
650 #4 - PUNTO DE ACCESO ADICIONAL DE MATERIA--TÉRMINO DE MATERIA
Término de materia o nombre geográfico como elemento de entrada Teología-
Subdivisión cronológica S.XVIII.
9 (RLIN) 154567
852 ## - LOCALIZACIÓN
Ubicación ES-MaACL
Número de control de estantería R-1113
Nota libre -- Enc. perg.
Encuadernación Olim: G-5224
856 ## - LOCALIZACIÓN Y ACCESO ELECTRÓNICOS
Identificador Uniforme de Recursos <a href="http://bdh-rd.bne.es/viewer.vm?id=0000104295&page=1 ">http://bdh-rd.bne.es/viewer.vm?id=0000104295&page=1 </a>
Nota pública Biblioteca Digital Hispánica
Holdings
Estatus retirado Estado de pérdida Estado de daño No para préstamo Colección Biblioteca de origen Biblioteca actual Ubicación en estantería Fecha de adquisición Fuente de adquisición Total de préstamos Signatura topográfica completa Código de barras Visto por última vez Precio de reemplazo Tipo de ítem Koha
        Colección digital Biblioteca del Ateneo de Madrid Biblioteca del Ateneo de Madrid Depósito 17/01/2008     R-1113 1163737 23/02/2023 23/02/2023 Libro impreso antiguo